| 000 | 00593nam a2200193 a 4500 | ||
|---|---|---|---|
| 001 | 3642 | ||
| 003 | CDMR | ||
| 005 | 20131015103455.0 | ||
| 008 | 130130s1977||||||||||||||||||||||||||||d | ||
| 020 | _a842760372X | ||
| 040 |
_aCDMR _bcat _cCPC GIRONA |
||
| 100 | 1 |
_aSaiz Valdivielso, Alfonso Carlos _92593 |
|
| 245 | 1 | 0 |
_aTriunfo y tragedia del periodismo vasco _cAlfonso Carlos Saiz Valdivieso _b: (prensa y política) :1900-1939 |
| 260 |
_cDL 1977 _bEditora Nacional _aMadrid |
||
| 300 | _a358 p. | ||
| 650 | 0 | 4 |
_93470 _aPremsa i política |
| 650 | 0 | 4 |
_94066 _aPremsa _zPaís Basc |
| 942 |
_cMON _2udc |
||
| 999 |
_c3642 _d3642 |
||